Scénes de la vie militaire (Record no. 29050)

MARC details
000 -LEADER
campo de control de longitud fija 00635nam a2200193 i 4500
001 - NÚMERO DE CONTROL
campo de control 29050
003 - IDENTIFICADOR DE NÚMERO DE CONTROL
campo de control ES-MaACL
005 - FECHA Y HORA DE LA ÚLTIMA TRANSACCIÓN
campo de control 20230906153953.0
007 - CAMPO FIJO DE DESCRIPCIÓN FÍSICA--INFORMACIÓN GENERAL
campo de control de longitud fija t|
008 - DATOS DE LONGITUD FIJA--INFORMACIÓN GENERAL
campo de control de longitud fija 030120s1859 fr ||||1| fre d
100 1# - ENTRADA PRINCIPAL--NOMBRE DE PERSONA
Nombre de persona Balzac, Honoré de,
Fechas asociadas al nombre 1799-1850
9 (RLIN) 25139
245 10 - MENCIÓN DEL TÍTULO
Título Scénes de la vie militaire
Resto del título : les chouans, ou La Bretagne en 1799 ; une passion dans le désert /
Mención de responsabilidad, etc. Honoré de Balzac.
260 ## - PUBLICACIÓN, DISTRIBUCIÓN, ETC.
Lugar de publicación, distribución, etc. París :
Nombre del editor, distribuidor, etc. Lib. Nouvelle,
Fecha de publicación, distribución, etc. 1859 (
Fabricante A. Bourdillia et Cie.)
300 ## - DESCRIPCIÓN FÍSICA
Extensión 379 p. ;
Dimensiones 17 cm.
740 3# - ENTRADA AGREGADA--TÍTULO RELACIONADO/ANALÍTICO NO CONTROLADO
Título relacionado o analítico no controlado La Bretagne en 1799.
740 0# - ENTRADA AGREGADA--TÍTULO RELACIONADO/ANALÍTICO NO CONTROLADO
Título relacionado o analítico no controlado Une passion dans le désert.
852 ## - LOCALIZACIÓN
Ubicación ES-MaACL
Número de control de estantería G-13536
Holdings
Estatus retirado Estado de pérdida Estado de daño No para préstamo Colección Biblioteca de origen Biblioteca actual Ubicación en estantería Fecha de adquisición Fuente de adquisición Total de préstamos Signatura topográfica completa Código de barras Visto por última vez Precio de reemplazo Tipo de ítem Koha
        Libros del s. XIX Biblioteca del Ateneo de Madrid Biblioteca del Ateneo de Madrid Sala Pecera Planta 3 17/01/2008     G-13536 1029990 23/02/2023 23/02/2023 Libro impreso antiguo